00629nam a2200169 a 450000100100000000500170001000800410002702000150006804000250008310000310010824500610013926000710020030000210027158600450029295201050033799900170044200004381620201002045001.0140506s1993 sp 000 j spa d a8488675046 aDO-SdBNPbspacBNPHU1 aMatute, Ana María91755910aDe ninguna parte y otros relatos. /cAna María Matute. a[España] :bFundación de los ferrocarriles españoles,c1993. a120 p. ;c20 cm. aNarraciones breves "Antonio Machado"817 001050718MOaGRbGRcCTd2014-05-06iLF1l0o p43816-10r2020-06-25w2020-06-25y1ZNo se presta c43305d43305